LIBRARY & INFORMATION CENTRE, KCAET, TAVANUR

ONLINE PUBLIC ACCESS CATALOGUE (OPAC)

Development of a microcontroller based automatic plant watering system (Record no. 16316)

MARC details
000 -LEADER
fixed length control field 00523nam a22001457a 4500
003 - CONTROL NUMBER IDENTIFIER
control field OSt
082 ## - DEWEY DECIMAL CLASSIFICATION NUMBER
Classification number 631.587
Item number ARD/DE
100 ## - MAIN ENTRY--AUTHOR NAME
Personal name Ardra, T. B
100 ## - MAIN ENTRY--AUTHOR NAME
Personal name Hamna Nazar
-- Jishna, K. P
-- Navitha, M
-- Shahala, M
245 ## - TITLE STATEMENT
Title Development of a microcontroller based automatic plant watering system
260 ## - PUBLICATION, DISTRIBUTION, ETC. (IMPRINT)
Place of publication Tavanur
Name of publisher Department of Irrigation and Drainage Engineerinh
Year of publication 2020
700 ## - ADDED ENTRY--PERSONAL NAME
Personal name Asha Joseph
856 ## - ELECTRONIC LOCATION AND ACCESS
Uniform Resource Identifier https://drive.google.com/file/d/1_As-aOGkQmhUjVpsadKqTuoD36PCc3qX/view?usp=sharing
942 ## - ADDED ENTRY ELEMENTS (KOHA)
Koha item type Project Report
Holdings
Collection code Home library Current library Shelving location Full call number Accession Number Koha item type
General Books KAUAET KAUAET Reference 631.587 ARD/DE P 477 Project Report
free website counter